000 00588nam a22001937a 4500
005 20251108170021.0
008 250721s1978 xx 000 0 ara d
082 1 4 _aط/ق/عبد
100 1 _aحمدي، عبد الرحمن
245 1 0 _aلغز الرسام و الكلب /
264 1 _aمصر :
_bدار المعارف،
_c1978.
300 _a95ص : مص
490 0 _aسلسلة قصص بوليسية للأولاد ؛ 103
650 1 7 _aالأدب العربي
650 1 7 _aالقصص العربية
650 1 7 _aأدب الأطفال
942 _2ddc
_cBK
999 _c37495
_d37495